[Event "Bayern-ch (Women)"]
[Site "Rosenheim"]
[Date "2024.08.29"]
[Round "7"]
[White "Hofmann, Karina"]
[Black "Tuerel, Tugce"]
[Result "0-1"]
[WhiteElo "1740"]
[BlackElo "1697"]
[PlyCount "90"]
[EventDate "2024.08.25"]
[EventType "swiss"]
[EventRounds "9"]
[EventCountry "GER"]
[SourceTitle "EXT 2025"]
[Source "ChessBase"]
[SourceDate "2024.10.14"]
[SourceVersion "1"]
[SourceVersionDate "2024.10.14"]
[SourceQuality "1"]

1. f4 d5 2. e3 c5 3. Bb5+ Bd7 4. Qe2 Nc6 5. b3 e6 6. Bb2 Nge7 7. Nf3 a6 8. Bxc6 Nxc6 9. d3 b5 10. Nbd2 f6 11. Nh4 g6 12. g4 Bg7 13. g5 0-0 14. Nhf3 fxg5 15. Bxg7 Kxg7 16. fxg5 e5 17. 0-0-0 Bg4 18. Qg2 Qd7 19. h3 Bh5 20. Qg3 Qe7 21. Rdf1 c4 22. Kb2 Qc5 23. dxc4 bxc4 24. c3 Qxe3 25. Re1 Qd3 26. Rhf1 cxb3 27. axb3 Rf7 28. Rxe5 Bxf3 29. Nxf3 Qxf1 30. Nd2 Qf2 31. Qxf2 Rxf2 32. Rxd5 Rd8 33. Rxd8 Nxd8 34. Kc2 Ne6 35. c4 Nxg5 36. Kd3 Nxh3 37. c5 Rf6 38. Ne4 Rc6 39. Kc4 Nf4 40. b4 Kf7 41. b5 axb5+ 42. Kxb5 Re6 43. Ng5+ Ke7 44. Nxh7 Re5 45. Kb6 Rh5 0-1

[Event "Bayern-ch (Women)"]
[Site "Rosenheim"]
[Date "2024.08.25"]
[Round "1"]
[White "Tuerel, Tugce"]
[Black "Birkholz, Olga"]
[Result "0-1"]
[WhiteElo "1697"]
[BlackElo "1955"]
[PlyCount "71"]
[EventDate "2024.08.25"]
[EventType "swiss"]
[EventRounds "9"]
[EventCountry "GER"]
[SourceTitle "EXT 2025"]
[Source "ChessBase"]
[SourceDate "2024.10.14"]
[SourceVersion "1"]
[SourceVersionDate "2024.10.14"]
[SourceQuality "1"]

1. e4 c5 2. Nf3 a6 3. c4 d6 4. Nc3 Nf6 5. d4 cxd4 6. Nxd4 g6 7. Be2 Bg7 8. Be3 Nc6 9. f3 Bd7 10. 0-0 Rc8 11. Qd2 Ne5 12. b3 0-0 13. Bh6 Bxh6 14. Qxh6 b5 15. Nd5 bxc4 16. bxc4 Nxc4 17. Rac1 Nxd5 18. Bxc4 Qb6 19. Bxd5 Qxd4+ 20. Kh1 e6 21. Rfd1 Qb2 22. Bc4 Bb5 23. Rb1 Qe5 24. Bxb5 axb5 25. Qd2 Rc6 26. Qb4 Rfc8 27. Qxb5 Qf4 28. Qb2 Rc2 29. Qd4 e5 30. Qxd6 Rxg2 31. Kxg2 Rc2+ 32. Rd2 Rxd2+ 33. Qxd2 Qxd2+ 34. Kg3 Qxa2 35. Rb5 Qa1 36. Kh3 0-1

[Event "GER-ch U25-C"]
[Site "Willingen"]
[Date "2023.06.02"]
[Round "8"]
[White "Sauer, Ben"]
[Black "Tuerel, Tugce"]
[Result "1-0"]
[WhiteElo "1340"]
[BlackElo "1249"]
[PlyCount "87"]
[EventDate "2023.05.27"]
[EventType "swiss"]
[EventRounds "9"]
[EventCountry "GER"]
[SourceTitle "CBM 214 Extra"]
[Source "ChessBase"]
[SourceDate "2023.07.31"]
[SourceVersion "1"]
[SourceVersionDate "2023.07.31"]
[SourceQuality "1"]

1. e4 e6 2. d4 d5 3. Nc3 Nf6 4. e5 Nfd7 5. f4 c5 6. Nf3 h6 7. Be3 Nc6 8. Be2 Be7 9. 0-0 f5 10. Rb1 b6 11. b3 g5 12. h3 a6 13. Kh1 Nf8 14. g3 Bb7 15. Kh2 Kd7 16. Qd2 g4 17. hxg4 fxg4 18. Ne1 cxd4 19. Bxd4 Nxd4 20. Qxd4 Bc5 21. Qd3 h5 22. Ng2 d4 23. Ne4 Kc8 24. Nh4 Be7 25. Ng5 Bxg5 26. fxg5 Qxg5 27. Qxd4 Qe7 28. Qxb6 Nd7 29. Qd4 Rg8 30. Bc4 Rd8 31. Qc3 Kb8 32. Rbd1 Rc8 33. Qd3 Rc6 34. Qxd7 Qc5 35. Qd4 Qa5 36. Qd8+ Qxd8 37. Rxd8+ Ka7 38. Rxa8+ Kxa8 39. Rf6 Rc8 40. Rxe6 Rd8 41. Rd6 Rf8 42. e6 Ka7 43. e7 Rf1 44. Bxf1 1-0

[Event "GER-ch U25-C"]
[Site "Willingen"]
[Date "2023.05.31"]
[Round "6"]
[White "Grunert, Greta"]
[Black "Tuerel, Tugce"]
[Result "0-1"]
[WhiteElo "1100"]
[BlackElo "1249"]
[PlyCount "112"]
[EventDate "2023.05.27"]
[EventType "swiss"]
[EventRounds "9"]
[EventCountry "GER"]
[SourceTitle "CBM 214 Extra"]
[Source "ChessBase"]
[SourceDate "2023.07.31"]
[SourceVersion "1"]
[SourceVersionDate "2023.07.31"]
[SourceQuality "1"]

1. e4 e6 2. d4 d5 3. Nd2 c5 4. Ngf3 Nf6 5. e5 Nfd7 6. Bb5 Qb6 7. Bxd7+ Bxd7 8. c3 Nc6 9. Qb3 cxd4 10. Qxb6 axb6 11. cxd4 Nb4 12. 0-0 Rxa2 13. Rxa2 Nxa2 14. Nb3 Nb4 15. Bg5 Be7 16. Ra1 Na6 17. Rc1 Bxg5 18. Nxg5 f6 19. exf6 gxf6 20. Nf3 Bc6 21. Nbd2 Kd7 22. Nf1 Kd6 23. Ng3 h5 24. Nh4 Rg8 25. Nxh5 Rh8 26. g4 f5 27. h3 Be8 28. Rc8 Kd7 29. Ra8 Nc7 30. Rb8 Rh6 31. Rxb7 Kc6 32. Rb8 Bxh5 33. gxh5 Rxh5 34. Nf3 Rxh3 35. Ne5+ Kb5 36. Nd7 Ka5 37. Nxb6 Na6 38. Rb7 Rb3 39. Nc4+ dxc4 40. Re7 Rxb2 41. Rxe6 c3 42. Rc6 c2 43. Kg2 Nb4 44. Rc5+ Kb6 45. Kf3 Nd3 46. Rc3 c1Q 47. Rxc1 Nxc1 48. Ke3 f4+ 49. Ke4 Rxf2 50. Kd5 Rh2 51. Kc4 f3 52. Kd5 f2 53. Ke5 f1Q 54. Kd5 Qf5+ 55. Kc4 Qb5+ 56. Kc3 Qb3# 0-1

[Event "GER-ch U25-C"]
[Site "Willingen"]
[Date "2023.05.30"]
[Round "4"]
[White "Boeker, Maximilian"]
[Black "Tuerel, Tugce"]
[Result "1-0"]
[WhiteElo "969"]
[BlackElo "1249"]
[PlyCount "33"]
[EventDate "2023.05.27"]
[EventType "swiss"]
[EventRounds "9"]
[EventCountry "GER"]
[SourceTitle "CBM 214 Extra"]
[Source "ChessBase"]
[SourceDate "2023.07.31"]
[SourceVersion "1"]
[SourceVersionDate "2023.07.31"]
[SourceQuality "1"]

1. e4 e5 2. Nf3 Nc6 3. Bc4 Bc5 4. c3 Nf6 5. d4 exd4 6. cxd4 Bb4+ 7. Bd2 Nxe4 8. Bxb4 d5 9. Bb5 a6 10. Bxc6+ bxc6 11. Nc3 Nxc3 12. bxc3 h6 13. 0-0 Be6 14. Qa4 f6 15. Qxc6+ Kf7 16. Rfe1 a5 17. Qxe6+ 1-0

[Event "GER-chT U12 Girls"]
[Site "Berlin"]
[Date "2022.12.27"]
[Round "3"]
[White "Polster, Martha"]
[Black "Tuerel, Tugce"]
[Result "0-1"]
[WhiteElo "1017"]
[BlackElo "1318"]
[PlyCount "55"]
[EventDate "2022.12.26"]
[EventType "team-swiss"]
[EventRounds "7"]
[EventCountry "GER"]
[SourceTitle "CBM 212 Extra"]
[Source "ChessBase"]
[SourceDate "2023.03.31"]
[SourceVersion "1"]
[SourceVersionDate "2023.03.31"]
[SourceQuality "1"]
[WhiteTeam "Blankenese"]
[BlackTeam "Muenchen SF"]
[WhiteTeamCountry "GER"]
[BlackTeamCountry "GER"]

1. e4 e5 2. Nf3 Nc6 3. Nc3 Nf6 4. d4 exd4 5. Nxd4 Bc5 6. Be3 Bxd4 7. Bxd4 d6 8. Nd5 Nxd5 9. exd5 Nxd4 10. Qxd4 0-0 11. Bd3 Qg5 12. Qe4 f5 13. Qf3 Re8+ 14. Be2 Bd7 15. 0-0 Re5 16. Rfe1 Rae8 17. Kf1 Bb5 18. Bxb5 Rxe1+ 19. Rxe1 Rxe1+ 20. Kxe1 Qc1+ 21. Qd1 Qxb2 22. Bc4 Qc3+ 23. Qd2 Qxc4 24. Qe2 Qxe2+ 25. Kxe2 Kf7 26. Ke3 Kf6 27. Kf4 g5+ 28. Kf3 0-1

[Event "GER-chT U12 Girls"]
[Site "Berlin"]
[Date "2022.12.27"]
[Round "2"]
[White "Tuerel, Tugce"]
[Black "Shynkar, Darya"]
[Result "1/2-1/2"]
[WhiteElo "1318"]
[BlackElo "1089"]
[PlyCount "50"]
[EventDate "2022.12.26"]
[EventType "team-swiss"]
[EventRounds "7"]
[EventCountry "GER"]
[SourceTitle "CBM 212 Extra"]
[Source "ChessBase"]
[SourceDate "2023.03.31"]
[SourceVersion "1"]
[SourceVersionDate "2023.03.31"]
[SourceQuality "1"]
[WhiteTeam "Muenchen SF"]
[BlackTeam "Paderborn Akademie"]
[WhiteTeamCountry "GER"]
[BlackTeamCountry "GER"]

1. e4 c5 2. Nf3 Nc6 3. c4 e5 4. d3 Nf6 5. Nc3 d6 6. h3 Be7 7. Be2 0-0 8. 0-0 Rb8 9. Nd5 a6 10. Be3 b5 11. b3 Nd7 12. Nd2 f5 13. exf5 Rxf5 14. Bg4 Rf8 15. f4 exf4 16. Rxf4 Nde5 17. Bf3 Rxf4 18. Bxf4 Nxd3 19. Nxe7+ Nxe7 20. Bg5 Ne5 21. Bd5+ Kh8 22. Qh5 N5g6 23. Be4 Qg8 24. Re1 Bb7 25. Bxe7 Nxe7 1/2-1/2

[Event "GER-ch U12 Girls"]
[Site "Willingen"]
[Date "2022.06.07"]
[Round "4"]
[White "Rafikova, Ailin"]
[Black "Tuerel, Tugce"]
[Result "0-1"]
[WhiteElo "1273"]
[BlackElo "1312"]
[PlyCount "178"]
[EventDate "2022.06.04"]
[EventType "swiss"]
[EventRounds "9"]
[EventCountry "GER"]
[SourceTitle "CBM 208 Extra"]
[Source "ChessBase"]
[SourceDate "2022.07.31"]
[SourceVersion "1"]
[SourceVersionDate "2022.07.31"]
[SourceQuality "1"]

1. e4 e5 2. Nf3 Nc6 3. Bc4 Bc5 4. c3 Nf6 5. d3 0-0 6. Nbd2 d6 7. h3 Be6 8. Bb3 h6 9. Nf1 d5 10. Qe2 dxe4 11. dxe4 Qd7 12. Ng3 Rfd8 13. 0-0 Qd3 14. Qxd3 Rxd3 15. Bxe6 fxe6 16. b4 Bb6 17. Bb2 a6 18. a3 Rad8 19. a4 Ra8 20. Kh2 Ba7 21. b5 Na5 22. Nxe5 Rd2 23. Rab1 Bxf2 24. Nf3 Bxg3+ 25. Kxg3 Nxe4+ 26. Kh2 Rd3 27. Ne5 Rd5 28. Nf3 Nc4 29. Bc1 Rf8 30. Re1 Nxc3 31. Rb4 axb5 32. axb5 Nd6 33. b6 cxb6 34. Rxb6 Nce4 35. Ba3 Re8 36. Rb4 Ra5 37. Bb2 Nf6 38. Nd4 Kf7 39. Nf3 Rb5 40. Ba3 Rxb4 41. Bxb4 Nde4 42. Ne5+ Kg8 43. Ra1 Nd5 44. Be1 b5 45. Rb1 Nec3 46. Bxc3 Nxc3 47. Rb3 Rc8 48. Nd3 Kf7 49. Ne5+ Ke7 50. Kg1 Kd6 51. Nd3 Kd5 52. Rb4 Rc4 53. Rb3 Ne2+ 54. Kf2 Nd4 55. Rb1 Ke4 56. Nb4 e5 57. Re1+ Kf5 58. Rb1 Nc2 59. Nd3 b4 60. Rb3 Rc3 61. Rxc3 bxc3 62. Ke2 Ke4 63. Nf2+ Kd4 64. Nd3 e4 65. Nc1 Nb4 66. Kd1 c2+ 67. Kd2 e3+ 68. Ke2 Nd5 69. g3 Kc3 70. h4 Kb2 71. Nd3+ Kb1 72. h5 c1Q 73. Nxc1 Kxc1 74. g4 Kc2 75. Ke1 Nc3 76. g5 hxg5 77. h6 gxh6 78. Kf1 Kd2 79. Kg2 e2 80. Kh3 e1Q 81. Kg4 Qe4+ 82. Kh5 Qf4 83. Kg6 Ne4 84. Kh5 Ke3 85. Kg6 Qf6+ 86. Kh5 Ng3+ 87. Kg4 Qf4+ 88. Kh3 Kf2 89. Kh2 Qh4# 0-1